The architecture of Habib Fida Ali : (Record no. 352479)
[ view plain ]
| 000 -LEADER | |
|---|---|
| fixed length control field | 00761 a2200229 4500 |
| 003 - CONTROL NUMBER IDENTIFIER | |
| control field | OSt |
| 005 - DATE AND TIME OF LATEST TRANSACTION | |
| control field | 20180116192336.0 |
| 008 - FIXED-LENGTH DATA ELEMENTS--GENERAL INFORMATION | |
| fixed length control field | 120517t xxu||||| |||| 00| 0 eng d |
| 010 ## - LIBRARY OF CONGRESS CONTROL NUMBER | |
| LC control number | 2010344891 |
| 020 ## - INTERNATIONAL STANDARD BOOK NUMBER | |
| International Standard Book Number | 9789698729042 |
| 040 ## - CATALOGING SOURCE | |
| Transcribing agency | 0 |
| 082 ## - DEWEY DECIMAL CLASSIFICATION NUMBER | |
| Classification number | 724.92 |
| 100 1# - MAIN ENTRY--PERSONAL NAME | |
| Personal name | Khan, Hasan-Uddin. |
| 9 (RLIN) | 1592 |
| 245 14 - TITLE STATEMENT | |
| Title | The architecture of Habib Fida Ali : |
| Remainder of title | buildings and projects, 1965-2009 / |
| Statement of responsibility, etc. | Hasan-Uddin Khan. |
| 260 ## - PUBLICATION, DISTRIBUTION, ETC. | |
| Place of publication, distribution, etc. | Karachi : |
| Name of publisher, distributor, etc. | Liberty Books, |
| Date of publication, distribution, etc. | 2010. |
| 300 ## - PHYSICAL DESCRIPTION | |
| Extent | 214 p. : |
| Other physical details | col. ill. ; |
| Dimensions | 26 x 26 cm. |
| 500 ## - GENERAL NOTE | |
| General note | Includes bibliographie |
| 650 0# - SUBJECT ADDED ENTRY--TOPICAL TERM | |
| Topical term or geographic name entry element | Modern architecture |
| 9 (RLIN) | 1593 |
| 650 0# - SUBJECT ADDED ENTRY--TOPICAL TERM | |
| Topical term or geographic name entry element | Architecture, Modern |
| General subdivision | History |
| 9 (RLIN) | 1594 |
| 942 ## - ADDED ENTRY ELEMENTS (KOHA) | |
| Institution code [OBSOLETE] | SADA |
| Koha item type | Book |
| Call number prefix | 724.92 KHA 2010 |
| Source of classification or shelving scheme | |
| Withdrawn status | Lost status | Source of classification or shelving scheme | Damaged status | Not for loan | Permanent Location | Current Location | Date acquired | Total Checkouts | Full call number | Barcode | Date last seen | Date last checked out | Copy number | Cost, replacement price | Price effective from | Koha item type | Total Renewals |
|---|---|---|---|---|---|---|---|---|---|---|---|---|---|---|---|---|---|
| School of Art Design and Architecture (SADA) | School of Art Design and Architecture (SADA) | 12/10/2010 | 2 | 724.92 KHA 2010 | SADA0000471 | 03/12/2015 | 03/04/2015 | 02 | 2000.00 | 08/05/2011 | Book | ||||||
| School of Art Design and Architecture (SADA) | School of Art Design and Architecture (SADA) | 12/10/2010 | 6 | 724.92 KHA 2010 | SADA0000470 | 10/24/2025 | 09/19/2025 | 01 | 2000.00 | 08/05/2011 | Book | ||||||
| School of Art Design and Architecture (SADA) | School of Art Design and Architecture (SADA) | 12/10/2010 | 2 | 724.92 KHA 2010 | SADA0000472 | 11/08/2012 | 10/31/2012 | 03 | 2000.00 | 08/05/2011 | Book | ||||||
| School of Art Design and Architecture (SADA) | School of Art Design and Architecture (SADA) | 12/10/2010 | 4 | 724.92 KHA 2010 | SADA0000473 | 01/12/2026 | 12/08/2025 | 04 | 2000.00 | 08/05/2011 | Book | 3 | |||||
| School of Art Design and Architecture (SADA) | School of Art Design and Architecture (SADA) | 12/10/2010 | 2 | 724.92 KHA 2010 | SADA0000474 | 07/01/2014 | 06/17/2014 | 05 | 2000.00 | 08/05/2011 | Book | ||||||
| School of Art Design and Architecture (SADA) | School of Art Design and Architecture (SADA) | 12/10/2010 | 6 | 724.92 KHA 2010 | SADA0000475 | 12/15/2015 | 12/04/2015 | 06 | 2000.00 | 08/05/2011 | Book | ||||||
| School of Art Design and Architecture (SADA) | School of Art Design and Architecture (SADA) | 12/10/2010 | 4 | 724.92 KHA 2010 | SADA0000476 | 03/04/2015 | 02/17/2015 | 07 | 2000.00 | 08/05/2011 | Book | 2 | |||||
| School of Art Design and Architecture (SADA) | School of Art Design and Architecture (SADA) | 12/10/2010 | 1 | 724.92 KHA 2010 | SADA0000477 | 02/09/2016 | 12/29/2015 | 08 | 2000.00 | 08/05/2011 | Book | 1 | |||||
| School of Art Design and Architecture (SADA) | School of Art Design and Architecture (SADA) | 12/10/2010 | 724.92 KHA 2010 | SADA0000479 | 08/05/2011 | 10 | 2000.00 | 08/05/2011 | Book | ||||||||
| School of Art Design and Architecture (SADA) | School of Art Design and Architecture (SADA) | 12/10/2010 | 4 | 724.92 KHA 2010 | SADA0000478 | 03/18/2016 | 02/25/2016 | 09 | 2000.00 | 08/05/2011 | Book | 1 |
